000 00247nam a2200085Ia 4500
008 170620s9999 xx 000 0 und d
100 _aReddy- G. Lokanadha
245 0 _aEducation of Children With Special Needs
260 _bNew Delhi- Discovery Publishing House
260 _c2003
999 _c24334
_d24334